Statystyki dla Kantony Szwajcarii

Kliknij tutaj aby rozwiązać quiz!

Ogólne statystyki

  • Ten quiz został rozwiązany 1 071 razy
  • Średni wynik to 12 z 26

Odpowiedzi na mapie

Odpowiedzi skodowane kolorowo w zielono-czerwonej skali na mapie do tego quizu, zgodnie z poniższymi procentami.
 

Statystyki odpowiedzi

Kantony% Poprawnych
Berno
92%
Genewa
87%
Zurych
84%
Gryzonia
62%
Lucerna
54%
Zug
48%
Vaud
47%
Bazylea-Miasto
46%
Ticino
46%
Jura
44%
Uri
43%
Bazylea-Okręg
42%
Fryburg
42%
Valais
42%
Sankt Gallen
40%
Neuchâtel
36%
Schwyz
36%
Szafuza
35%
Argowia
34%
Obwalden
34%
Nidwalden
32%
Turgowia
32%
Appenzell Ausserrhoden
29%
Appenzell Innerrhoden
29%
Glarus
29%
Solura
29%

Rozkład punktacji

Percentyl według liczby udzielonych odpowiedzi

Procent ludzi z każdym wynikiem

Twoja historia wyników

Nie rozwiązałeś tego quizu